00323pab a2200121 454500008004000000100002400040245004800064260000900112300001300121362001000134650002300144773003400167180718b2009 xxu||||| |||| 00| 0 eng d aUpadhyay, Raj Kumar aUniform licence fee in telecom: way forward c2009 ap.71-74. a7 Nov aTelecommunications aEconomic and Political Weekly